[Event "12PCR_F"]
[Site "?"]
[Date "2003.??.??"]
[Round "?"]
[White "Portych, Vaclav"]
[Black "Nosek, Jaroslav"]
[Result "0-1"]
[WhiteElo "2148"]
[BlackElo "2260"]
[PlyCount "80"]
[EventDate "2003.??.??"]
[EventType "corr"]
[EventRounds "1"]
[SourceDate "2004.08.30"]

1. c4 Nf6 2. Nc3 e5 3. Nf3 Nc6 4. g3 d5 5. cxd5 Nxd5 6. Bg2 Nxc3 7. bxc3 e4 8.
Ng1 f5 9. Nh3 Bd6 10. d4 Qe7 11. O-O O-O 12. Bf4 Nd8 13. Bg5 Qe8 14. Bf4 Bd7
15. Rb1 Rb8 16. Bxd6 cxd6 17. Qb3+ Be6 18. Qa3 Rc8 19. Nf4 Bc4 20. Qxd6 Rf6 21.
Qe5 Qf8 22. Rb2 b6 23. d5 Rc5 24. Qd4 g5 25. Nh3 Rg6 26. Rd1 Bxd5 27. a4 Ne6
28. Qb4 Bc6 29. Rbd2 Qg7 30. Rc1 Qe5 31. e3 f4 32. Kh1 Rh6 33. gxf4 gxf4 34. a5
bxa5 35. Qa3 f3 36. Bf1 Kg7 37. c4 Kf7 38. Rcd1 Qf5 39. Rd6 Rxh3 40. Qb2 Rxh2+
0-1

[Event "12PCR_F"]
[Site "?"]
[Date "2003.??.??"]
[Round "?"]
[White "Batka, Josef"]
[Black "Splichal, Josef"]
[Result "1-0"]
[WhiteElo "2243"]
[BlackElo "2217"]
[PlyCount "109"]
[EventDate "2003.??.??"]
[EventType "corr"]
[EventRounds "1"]
[SourceDate "2004.08.30"]

1. e4 e5 2. Nc3 Nf6 3. Bc4 Nc6 4. d3 Bb4 5. Nf3 d6 6. O-O Bxc3 7. bxc3 O-O 8.
Bg5 Na5 9. Bb3 Nxb3 10. axb3 Bg4 11. h3 Bh5 12. Qe2 h6 13. Bh4 a5 14. Qe3 Re8
15. Nd2 Nd5 16. exd5 Qxh4 17. Ra4 Qf6 18. Rfa1 b6 19. b4 Ra6 20. bxa5 Rea8 21.
Nb3 Qd8 22. f4 exf4 23. Qxf4 Qd7 24. c4 Bg6 25. Qd2 c5 26. dxc6 Qxc6 27. Qb4
Qe8 28. Kh1 Kh7 29. Re1 Qd8 30. Qd2 Kg8 31. Raa1 bxa5 32. Ra4 R6a7 33. Rea1 Qf6
34. Rxa5 Rxa5 35. Rxa5 Re8 36. Kh2 Qf1 37. Ra1 Qf6 38. Re1 Ra8 39. Qe3 Ra2 40.
Nd4 Kh7 41. Re2 Qd8 42. Nb5 Qb8 43. Nc3 Ra1 44. Nd5 Qb1 45. Kg3 Qd1 46. Nc3 Qf1
47. Qf4 Qg1 48. Nb5 Bh5 49. Qf5+ Bg6 50. Qf2 Qb1 51. Nxd6 Bxd3 52. Re8 Qf1 53.
Qxf1 Bxf1 54. Kf2 Kg6 55. Rb8 1-0

[Event "12PCR_F"]
[Site "?"]
[Date "2003.??.??"]
[Round "?"]
[White "Batka, Josef"]
[Black "Nejtek, Jiri"]
[Result "0-1"]
[WhiteElo "2243"]
[BlackElo "2291"]
[PlyCount "66"]
[EventDate "2003.??.??"]
[EventType "corr"]
[EventRounds "1"]
[SourceDate "2004.08.30"]

1. e4 c5 2. c3 Nf6 3. e5 Nd5 4. d4 cxd4 5. Nf3 Nc6 6. Bc4 Nb6 7. Bb3 d5 8. exd6
Qxd6 9. O-O Be6 10. Na3 dxc3 11. Nb5 Qxd1 12. Rxd1 Rc8 13. Bxe6 fxe6 14. Nxc3
g6 15. Ng5 e5 16. Ne6 Nc4 17. b3 Nd6 18. Be3 b6 19. Rac1 Kd7 20. Ng5 Bg7 21.
Nf3 h6 22. Kf1 Ke6 23. Nd5 e4 24. Ng1 Ne5 25. Ne2 g5 26. Rxc8 Rxc8 27. Ng3 Ng6
28. h3 Be5 29. Ne2 Nf5 30. Bc1 Nd4 31. Nxd4+ Bxd4 32. Be3 Bc5 33. g4 Nf4 0-1

[Event "12PCR_F"]
[Site "?"]
[Date "2003.??.??"]
[Round "?"]
[White "Pytlik, Lesek"]
[Black "Vozda, Jindrich"]
[Result "0-1"]
[WhiteElo "2316"]
[BlackElo "2494"]
[PlyCount "96"]
[EventDate "2003.??.??"]
[EventType "corr"]
[EventRounds "1"]
[SourceDate "2004.08.30"]

1. c4 Nf6 2. Nf3 d6 3. Nc3 e5 4. d4 e4 5. Ng5 Qe7 6. Qc2 Bf5 7. f3 Nc6 8. d5
Ne5 9. Ngxe4 Nxe4 10. Nxe4 g6 11. Qa4+ Bd7 12. Qb3 Bg7 13. Qxb7 Rc8 14. e3 O-O
15. Be2 Bf5 16. O-O Rb8 17. Qa6 Bxe4 18. fxe4 Nd7 19. Bf3 Nc5 20. Qa5 Bxb2 21.
Bxb2 Rxb2 22. Qxa7 Rfb8 23. Rad1 R8b7 24. Qa3 Nxe4 25. Rc1 Rb8 26. Qd3 Nc5 27.
Qc3 Rxa2 28. Rb1 Rba8 29. Qd4 f5 30. Rf2 R2a3 31. Re2 g5 32. e4 Rd3 33. Qf2
fxe4 34. Qe1 Rd4 35. Reb2 Nd3 36. Qe3 Rxc4 37. Rd2 Qe5 38. Be2 Rc3 39. Bxd3
exd3 40. Qxe5 dxe5 41. Kf2 Ra5 42. d6 cxd6 43. Ke3 d5 44. Rxd3 Rxd3+ 45. Kxd3
Kf7 46. Rb7+ Ke6 47. Rxh7 Ra3+ 48. Ke2 e4 0-1

[Event "12PCR_F"]
[Site "?"]
[Date "2003.??.??"]
[Round "?"]
[White "Chvojka, Jaroslav"]
[Black "Nejtek, Jiri"]
[Result "1/2-1/2"]
[WhiteElo "2175"]
[BlackElo "2291"]
[PlyCount "92"]
[EventDate "2003.??.??"]
[EventType "corr"]
[EventRounds "1"]
[SourceDate "2004.08.30"]

1. d4 Nf6 2. Bg5 d5 3. Bxf6 gxf6 4. e3 c5 5. dxc5 e6 6. c4 dxc4 7. Qxd8+ Kxd8
8. Nf3 Bxc5 9. Bxc4 Ke7 10. Bd3 Bd7 11. Nbd2 Bc6 12. O-O Rd8 13. Bc2 f5 14.
Rac1 Nd7 15. a3 Bb6 16. Bd1 Rac8 17. Be2 Nf6 18. Nc4 Bc7 19. Nd4 Bd5 20. Rfd1
h5 21. b3 f4 22. a4 fxe3 23. Nxe3 Be4 24. g3 h4 25. Nb5 Bb6 26. Rxc8 Rxc8 27.
Nd6 Rc3 28. gxh4 Bxe3 29. fxe3 Bd5 30. Rf1 Kxd6 31. Rxf6 Ke7 32. Rf4 Rxb3 33.
Kf2 e5 34. Rg4 f5 35. Rg7+ Kf6 36. Rd7 Bc6 37. Rd6+ Ke7 38. Rg6 Bxa4 39. h5 Rb6
40. Rg7+ Kf8 41. h6 Bb3 42. Rc7 Kg8 43. Re7 Bc2 44. h7+ Kh8 45. Rxe5 Kxh7 46.
Bf3 Kg6 1/2-1/2

[Event "12PCR_F"]
[Site "?"]
[Date "2003.??.??"]
[Round "?"]
[White "Batka, Josef"]
[Black "Nosek, Jaroslav"]
[Result "1-0"]
[WhiteElo "2243"]
[BlackElo "2275"]
[PlyCount "81"]
[EventDate "2003.??.??"]
[EventType "corr"]
[EventRounds "1"]
[SourceDate "2004.08.30"]

1. e4 e6 2. d4 d5 3. e5 c5 4. c3 Nc6 5. Nf3 Bd7 6. Be2 Nge7 7. O-O Rc8 8. dxc5
Qc7 9. b4 Nxe5 10. Nd4 b6 11. Nb5 Bxb5 12. Bxb5+ N5c6 13. cxb6 Qxb6 14. Qa4 Nf5
15. g4 Nd6 16. Ba6 Rb8 17. Be3 Qc7 18. Nd2 Be7 19. b5 Ne5 20. b6+ Qd7 21. bxa7
Ra8 22. Qxd7+ Kxd7 23. c4 Nxg4 24. Bb6 Bg5 25. f4 Bd8 26. c5 Nc8 27. Bxc8+ Kxc8
28. Rab1 Ne3 29. Rfc1 g5 30. fxg5 Bxg5 31. c6 Bf4 32. Kh1 Nf5 33. Rc2 Rg8 34.
Nb3 Bc7 35. Nc5 Bxb6 36. Rxb6 Kc7 37. Rb8 Rgxb8 38. Na6+ Kc8 39. axb8=Q+ Rxb8
40. Nxb8 Kxb8 41. a4 1-0

[Event "12PCR_F"]
[Site "?"]
[Date "2003.??.??"]
[Round "?"]
[White "Chvojka, Jaroslav"]
[Black "Lounek, Jan"]
[Result "0-1"]
[WhiteElo "2175"]
[BlackElo "2337"]
[PlyCount "122"]
[EventDate "2003.??.??"]
[EventType "corr"]
[EventRounds "1"]
[SourceDate "2004.08.30"]

1. d4 d5 2. c4 c6 3. Bf4 Nf6 4. e3 e6 5. Nc3 Be7 6. Nf3 O-O 7. Qb3 Nbd7 8. Bd3
dxc4 9. Qxc4 Nb6 10. Qb3 Nbd5 11. Bg5 Qb6 12. Nxd5 exd5 13. Qxb6 axb6 14. a3 c5
15. Bh4 c4 16. Bc2 Re8 17. Ke2 b5 18. Rhc1 h6 19. h3 Ra6 20. Kf1 Be6 21. Rab1
g5 22. Bg3 b4 23. axb4 Bxb4 24. Ng1 b5 25. Ne2 Be7 26. Ra1 Rea8 27. Rxa6 Rxa6
28. Bb1 b4 29. f3 Nd7 30. e4 Nb6 31. Be1 Na4 32. exd5 Bxd5 33. b3 Nb6 34. bxc4
Bxc4 35. Kf2 b3 36. Bd2 Bf6 37. Be3 Kf8 38. Nc3 Ra1 39. h4 gxh4 40. Bxh6+ Ke8
41. Be3 b2 42. Re1 Kd7 43. Rd1 Kc6 44. Rg1 Be7 45. Bd2 Bb4 46. Be4+ Nd5 47. Nb1
Bxd2 48. Nxd2 Ba2 49. Rf1 Rc1 50. Re1 Kd6 51. Bh7 Rxe1 52. Kxe1 Nf4 53. Kf2 Kd5
54. Bc2 Kxd4 55. Bf5 Nd5 56. Bh7 Ne3 57. f4 f5 58. Ke2 Bd5 59. Kf2 Nc4 60. Nb3+
Kc3 61. Bxf5 Kxb3 0-1

[Event "12PCR_F"]
[Site "?"]
[Date "2003.??.??"]
[Round "?"]
[White "Pytlik, Lesek"]
[Black "Nejtek, Jiri"]
[Result "1/2-1/2"]
[WhiteElo "2316"]
[BlackElo "2291"]
[PlyCount "53"]
[EventDate "2003.??.??"]
[EventType "corr"]
[EventRounds "1"]
[SourceDate "2004.08.30"]

1. e4 c5 2. Nf3 d6 3. d4 cxd4 4. Nxd4 Nf6 5. Nc3 a6 6. Bg5 e6 7. f4 Nbd7 8. Qf3
Qc7 9. Be2 b5 10. a3 Bb7 11. f5 e5 12. Ne6 fxe6 13. fxe6 Be7 14. exd7+ Qxd7 15.
Qd3 O-O 16. O-O Qe6 17. Bf3 Rae8 18. Rad1 Rf7 19. Nd5 Bxd5 20. exd5 Qc8 21.
Bxf6 Rxf6 22. Be4 g6 23. g3 Ref8 24. Rxf6 Rxf6 25. Kg2 Bd8 26. Qe3 Kg7 27. Re1
1/2-1/2

[Event "12PCR_F"]
[Site "?"]
[Date "2003.??.??"]
[Round "?"]
[White "Svrsek, Radomir"]
[Black "Pytlik, Lesek"]
[Result "0-1"]
[WhiteElo "2237"]
[BlackElo "2316"]
[PlyCount "108"]
[EventDate "2003.??.??"]
[EventType "corr"]
[EventRounds "1"]
[SourceDate "2004.08.30"]

1. d4 Nf6 2. c4 g6 3. Nc3 d5 4. Nf3 Bg7 5. Bf4 O-O 6. e3 c5 7. dxc5 Qa5 8. Qb3
Na6 9. Qb5 Qxb5 10. Nxb5 Bd7 11. Rc1 Rfc8 12. b4 dxc4 13. Bxc4 Bxb5 14. Bxb5
Nxb4 15. a3 Nbd5 16. Be5 a6 17. Ba4 Nb6 18. Bb3 Ne4 19. Bd4 Nd7 20. c6 Rxc6 21.
O-O Rac8 22. Rxc6 bxc6 23. Bc4 a5 24. Rc1 Nd6 25. Ba6 Rc7 26. Bxg7 Kxg7 27. Nd2
f5 28. Kf1 Kf6 29. Ke2 c5 30. Nc4 Ne5 31. Nxd6 exd6 32. Kd2 g5 33. Rb1 f4 34.
Be2 Rf7 35. exf4 gxf4 36. Rb5 Rg7 37. g3 f3 38. Bd3 Ng4 39. Be4 Nxh2 40. Rxa5
Ng4 41. Bxf3 Nxf2 42. Ke3 Ng4+ 43. Bxg4 Rxg4 44. Kf3 Rg7 45. a4 Ke5 46. Rb5 Ra7
47. a5 Kd4 48. g4 d5 49. g5 Kc4 50. Rb1 Rxa5 51. Rh1 Kc3 52. Rxh7 d4 53. Rh1 d3
54. Rc1+ Kb2 0-1

[Event "12PCR_F"]
[Site "?"]
[Date "2003.??.??"]
[Round "?"]
[White "Vozda, Jindrich"]
[Black "Portych, Vaclav"]
[Result "1-0"]
[WhiteElo "2494"]
[BlackElo "2148"]
[PlyCount "93"]
[EventDate "2003.??.??"]
[EventType "corr"]
[EventRounds "1"]
[SourceDate "2004.08.30"]

1. d4 Nf6 2. Bg5 e6 3. e4 h6 4. Bxf6 Qxf6 5. Nc3 Bb4 6. Qd2 c5 7. a3 Bxc3 8.
bxc3 d6 9. Nf3 O-O 10. Qe3 e5 11. dxe5 dxe5 12. Qxc5 Nc6 13. Bb5 Bd7 14. Rd1
Rfd8 15. Rd6 Qf4 16. O-O a6 17. Bd3 Bg4 18. Nh4 Rxd6 19. Qxd6 Be6 20. Nf5 Bxf5
21. exf5 Qg5 22. Qc7 Qe7 23. Qxe7 Nxe7 24. Rb1 b5 25. Re1 f6 26. f4 Nc6 27. c4
exf4 28. cxb5 axb5 29. Bxb5 Nd4 30. a4 Kf7 31. Bd7 Rd8 32. c3 Rxd7 33. cxd4
Rxd4 34. Ra1 g5 35. fxg6+ Kxg6 36. a5 Rd7 37. a6 Ra7 38. Kf2 Kf5 39. Kf3 Kg5
40. Ra5+ Kg6 41. Ke4 f5+ 42. Kd5 Kg5 43. Kc6 Kg4 44. Kb6 Ra8 45. a7 h5 46. Kb7
Rf8 47. a8=Q 1-0

[Event "12PCR_F"]
[Site "?"]
[Date "2003.??.??"]
[Round "?"]
[White "Vozda, Jindrich"]
[Black "Nejtek, Jiri"]
[Result "1/2-1/2"]
[WhiteElo "2494"]
[BlackElo "2291"]
[PlyCount "97"]
[EventDate "2003.??.??"]
[EventType "corr"]
[EventRounds "1"]
[SourceDate "2004.08.30"]

1. e4 e5 2. Nf3 Nf6 3. Nxe5 d6 4. Nf3 Nxe4 5. d4 d5 6. Bd3 Nc6 7. O-O Be7 8.
Re1 Bg4 9. c3 f5 10. Qb3 O-O 11. Nbd2 Na5 12. Qa4 Nc6 13. Bb5 Nxd2 14. Nxd2 Rf6
15. h3 Bh5 16. Nf1 f4 17. Nh2 Qd6 18. Bd2 Raf8 19. Bxc6 bxc6 20. Re5 Rf5 21.
Rae1 Rxe5 22. Rxe5 Bg6 23. Qxa7 Qd7 24. Re1 Bd6 25. Qb7 Bd3 26. f3 h5 27. a4
Re8 28. Kh1 Kh7 29. Qb3 Rxe1+ 30. Bxe1 Qe6 31. Qd1 Qf5 32. Bf2 Kg8 33. Kg1 Qg6
34. Nf1 Bc2 35. Qa1 Bf5 36. Kh1 Bd3 37. Nd2 Ba6 38. Qc1 Qf5 39. h4 Bd3 40. b4
Qe6 41. Nb3 Qe2 42. Qe1 Kf7 43. Qxe2 Bxe2 44. Nc5 Bxc5 45. dxc5 Ke6 46. Kg1 Bd1
47. a5 Be2 48. Bd4 g6 49. Kf2 1/2-1/2

[Event "12PCR_F"]
[Site "?"]
[Date "2003.??.??"]
[Round "?"]
[White "Vozda, Jindrich"]
[Black "Batka, Josef"]
[Result "1/2-1/2"]
[WhiteElo "2494"]
[BlackElo "2243"]
[PlyCount "112"]
[EventDate "2003.??.??"]
[EventType "corr"]
[EventRounds "1"]
[SourceDate "2004.08.30"]

1. e4 c5 2. Nf3 Nc6 3. Bb5 a6 4. Ba4 b5 5. d4 bxa4 6. d5 Na5 7. O-O d6 8. c4
Bd7 9. Qc2 g6 10. e5 dxe5 11. Nxe5 Bg7 12. Re1 Nf6 13. Bd2 Nb7 14. Nc3 a3 15.
b3 O-O 16. Rad1 Ng4 17. Nf3 Qc7 18. Rxe7 Rae8 19. Ree1 Rxe1+ 20. Rxe1 Ne5 21.
Nxe5 Bxe5 22. h3 Re8 23. Qc1 Bh2+ 24. Kh1 Rxe1+ 25. Qxe1 Be5 26. Ne4 Bd4 27.
Bg5 Kg7 28. Qc1 f5 29. Bf4 Qd8 30. Ng5 Qe7 31. Qxa3 a5 32. Nf3 Bf6 33. Qc1 Nd6
34. Bg5 Ne4 35. Bxf6+ Qxf6 36. Qf4 a4 37. Kg1 axb3 38. axb3 Be8 39. Qc7+ Kg8
40. Qb8 Kf8 41. b4 Qb2 42. b5 Qc1+ 43. Kh2 Qxc4 44. b6 Qxd5 45. b7 Nd6 46. Qd8
Qxb7 47. Qxd6+ Qe7 48. Qb6 c4 49. Kg1 Kg8 50. Qb8 Qe6 51. Kh2 Kg7 52. Ne5 Bf7
53. f4 h6 54. Qb2 Qf6 55. Qb4 Qe6 56. Qb2 Qf6 1/2-1/2

[Event "12PCR_F"]
[Site "?"]
[Date "2003.??.??"]
[Round "?"]
[White "Vozda, Jindrich"]
[Black "Nedoma, Petr"]
[Result "1-0"]
[WhiteElo "2494"]
[BlackElo "2224"]
[PlyCount "149"]
[EventDate "2003.??.??"]
[EventType "corr"]
[EventRounds "1"]
[SourceDate "2004.08.30"]

1. e4 e5 2. Nf3 d6 3. d4 exd4 4. Nxd4 Be7 5. Nc3 Nf6 6. Be2 O-O 7. O-O Re8 8.
Bf4 Nfd7 9. Nd5 Bf6 10. Nb5 Na6 11. Nbc3 Nac5 12. Nxf6+ Qxf6 13. Nd5 Qd8 14. f3
Ne6 15. Be3 c6 16. Nc3 Qe7 17. Qd2 Nf6 18. Rad1 Rd8 19. f4 b5 20. f5 Nc7 21. e5
Qxe5 22. Bd4 Qe7 23. Rde1 d5 24. Bxb5 Qd6 25. Bd3 Ba6 26. Be5 Qe7 27. Rf3 Bxd3
28. cxd3 Nce8 29. Rg3 Rac8 30. d4 Kh8 31. Rh3 Kg8 32. Qg5 c5 33. Qh4 h6 34. g4
cxd4 35. Bxd4 Qb4 36. g5 Ne4 37. Bxa7 N8d6 38. Rf1 Qxb2 39. Nxe4 dxe4 40. Be3
Qe5 41. Qg4 hxg5 42. Qxg5 Ne8 43. Qh4 Kf8 44. a4 Nf6 45. Qf2 Rc4 46. a5 Qb5 47.
Rh8+ Ke7 48. Rxd8 Kxd8 49. Qa2 Ke8 50. Ra1 Qa6 51. Rb1 Nd7 52. Qb3 Qc6 53. Qb2
Rc3 54. Bf2 Qc7 55. a6 Rc2 56. Qd4 Rc1+ 57. Rxc1 Qxc1+ 58. Kg2 Qc6 59. Bh4 e3+
60. Kg3 e2 61. Qe3+ Kf8 62. Qxe2 Qd6+ 63. Kh3 Qd5 64. a7 Qxf5+ 65. Kg3 Qg6+ 66.
Qg4 Qxg4+ 67. Kxg4 Nb6 68. Kf5 Ke8 69. Bf2 Na8 70. Bc5 Nc7 71. h4 Kd7 72. Bf8
g6+ 73. Kf6 Ke8 74. Bb4 Na8 75. Kg7 1-0

[Event "12PCR_F"]
[Site "?"]
[Date "2003.??.??"]
[Round "?"]
[White "Vozda, Jindrich"]
[Black "Nosek, Jaroslav"]
[Result "1/2-1/2"]
[WhiteElo "2494"]
[BlackElo "2260"]
[PlyCount "124"]
[EventDate "2003.??.??"]
[EventType "corr"]
[EventRounds "1"]
[SourceDate "2004.08.30"]

1. e4 e6 2. d4 d5 3. Nc3 Nf6 4. Bg5 Bb4 5. e5 h6 6. Bd2 Bxc3 7. bxc3 Ne4 8. Qg4
Kf8 9. Be3 c5 10. Bd3 Nxc3 11. dxc5 Qa5 12. Nf3 Ne4+ 13. Nd2 Qc3 14. O-O Nxd2
15. Rfd1 Nc6 16. Bxd2 Qxe5 17. Bf4 h5 18. Qg3 h4 19. Bxe5 hxg3 20. Bxg3 e5 21.
c4 d4 22. Be4 Rh5 23. f4 Bg4 24. Rdb1 exf4 25. Bxf4 Re8 26. Bd5 Bc8 27. Bd6+
Kg8 28. Rb3 Rf5 29. g4 Rf6 30. g5 Rf5 31. h4 Kh7 32. Rf1 Rxf1+ 33. Kxf1 Kg6 34.
Kg2 f6 35. gxf6 Kxf6 36. Bf4 Rh8 37. Bg5+ Ke5 38. Rf3 Be6 39. Bf4+ Kf6 40. Kg3
Re8 41. Be4 Ne7 42. Rb3 Nf5+ 43. Bxf5 Bxf5 44. Rxb7 Rc8 45. Bg5+ Ke5 46. Rxg7
Rxc5 47. Bf4+ Ke4 48. Re7+ Kd3 49. h5 Rxc4 50. Rxa7 Rc3 51. Kh4 Ke4 52. Kg5 Rc5
53. Bd6 Rd5 54. Bb4 Bd7+ 55. Kh4 d3 56. Bd2 Kf3 57. h6 Bf5 58. Ra5 Rd4+ 59. Kg5
Be4 60. Kf6 Rc4 61. Bg5 Rc2 62. Ke5 Rg2 1/2-1/2

[Event "12PCR_F"]
[Site "?"]
[Date "2003.??.??"]
[Round "?"]
[White "Valak, Alois"]
[Black "Batka, Josef"]
[Result "1/2-1/2"]
[WhiteElo "2257"]
[BlackElo "2243"]
[PlyCount "107"]
[EventDate "2003.??.??"]
[EventType "corr"]
[EventRounds "1"]
[SourceDate "2004.08.30"]

1. e4 c5 2. Nf3 Nc6 3. Nc3 Nf6 4. Be2 d5 5. Nxd5 Nxd5 6. exd5 Qxd5 7. O-O g6 8.
d3 Bg7 9. Re1 O-O 10. Ng5 Nd4 11. Bf3 Nxf3+ 12. Qxf3 Qxf3 13. Nxf3 Re8 14. a4
Be6 15. Ne5 Bd5 16. b3 f6 17. Nc4 b6 18. Bb2 Rad8 19. f4 Kf7 20. g4 h6 21. Rf1
e6 22. h3 g5 23. Ne3 Bb7 24. Rae1 Rf8 25. Kh2 Bc8 26. Bc3 f5 27. Bd2 gxf4 28.
Nc4 e5 29. Nxe5+ Bxe5 30. Rxe5 fxg4 31. Rxf4+ Kg6 32. h4 Rfe8 33. h5+ Kg7 34.
Bc3 Kg8 35. Kg3 Rxe5 36. Bxe5 Rd5 37. Re4 Kf7 38. Re2 a6 39. Kh4 Be6 40. Bf4
Rf5 41. Bxh6 g3 42. Rg2 Rf2 43. Rxg3 Rh2+ 44. Kg5 Rxc2 45. Rf3+ Kg8 46. Rf8+
Kh7 47. Rb8 Rg2+ 48. Kf6 Bxb3 49. Be3 Bxa4 50. Rb7+ Kh8 51. Rxb6 Bb5 52. Bxc5
Bxd3 53. Rb7 Rg3 54. Bd4 1/2-1/2

[Event "12PCR_F"]
[Site "?"]
[Date "2003.??.??"]
[Round "?"]
[White "Svrsek, Radomir"]
[Black "Nedoma, Petr"]
[Result "1/2-1/2"]
[WhiteElo "2237"]
[BlackElo "2224"]
[PlyCount "141"]
[EventDate "2003.??.??"]
[EventType "corr"]
[EventRounds "1"]
[SourceDate "2004.08.30"]

1. d4 Nf6 2. c4 e6 3. Nf3 d5 4. e3 Be7 5. cxd5 exd5 6. Bd3 O-O 7. O-O Re8 8.
Bd2 Bd6 9. Nc3 c6 10. Qc2 Bg4 11. h3 Bxf3 12. gxf3 Bc7 13. Kg2 Nbd7 14. Rg1 Nf8
15. Kh1 Qd7 16. Bf5 Ne6 17. Na4 g6 18. Nc5 Qd6 19. Rg2 Nxc5 20. dxc5 Qe7 21.
Bc3 Kf8 22. f4 Ne4 23. Bd4 Qh4 24. Bxe4 Rxe4 25. Qd1 Ke8 26. Rg3 h6 27. Kg2 Kd7
28. b4 Qe7 29. b5 g5 30. Rb1 gxf4 31. Rg7 fxe3 32. fxe3 Rf8 33. bxc6+ bxc6 34.
Rb7 a5 35. Qb1 Qe6 36. Qb2 h5 37. Ra7 h4 38. Qf2 Kd8 39. a3 Bb8 40. Rxa5 Ke7
41. Ra6 Ke8 42. Qb2 Kd7 43. a4 Bc7 44. Qf2 Qe8 45. Qf5+ Re6 46. Kh1 Qc8 47. Rb6
Qa8 48. Rb1 Qa5 49. Rxf7+ Rxf7 50. Qxf7+ Re7 51. Qf5+ Re6 52. Rg1 Bg3 53. Rd1
Bb8 54. Qh7+ Re7 55. Qxh4 Qc7 56. Qg4+ Re6 57. Rd2 Qg3 58. Qxg3 Bxg3 59. a5 Be1
60. Ra2 Kc7 61. a6 Kb8 62. a7+ Ka8 63. Kg2 Rg6+ 64. Kf1 Bg3 65. Ra3 Bc7 66. Ra6
Bh2 67. Kf2 Bc7 68. Kf3 Rg3+ 69. Ke2 Rg2+ 70. Kf1 Rg6 71. Bc3 1/2-1/2

[Event "12PCR_F"]
[Site "?"]
[Date "2003.??.??"]
[Round "?"]
[White "Portych, Vaclav"]
[Black "Lounek, Jan"]
[Result "0-1"]
[WhiteElo "2148"]
[BlackElo "2337"]
[PlyCount "114"]
[EventDate "2003.??.??"]
[EventType "corr"]
[EventRounds "1"]
[SourceDate "2004.08.30"]

1. c4 Nf6 2. Nc3 e5 3. Nf3 Nc6 4. g3 Bb4 5. Bg2 O-O 6. O-O e4 7. Ne1 Bxc3 8.
dxc3 h6 9. Nc2 d6 10. Ne3 Re8 11. Qc2 a5 12. a4 Be6 13. Rd1 Qd7 14. Nd5 Bxd5
15. cxd5 Nb8 16. c4 Qf5 17. Be3 Nbd7 18. h3 Nc5 19. Bd4 Nfd7 20. Ra3 Qg6 21.
Kh2 f5 22. Rc3 Rf8 23. b3 Rae8 24. Qd2 Qh5 25. Rb1 Ne5 26. Rf1 g5 27. Qc2 b6
28. Rd1 f4 29. gxf4 Rxf4 30. Rg3 Ref8 31. Rf1 Qg6 32. Qc3 Qf6 33. Qd2 Kf7 34.
Kg1 Ke7 35. b4 axb4 36. Qxb4 e3 37. Bxe3 Rxc4 38. Qb5 Nxa4 39. Bd2 Nc5 40. Re3
Rf4 41. Rxe5+ dxe5 42. Bxf4 gxf4 43. Qc4 Qg5 44. Kh2 Rg8 45. Bf3 Qg6 46. Ra1
Kd6 47. Qb5 Qe8 48. Qb2 Qe7 49. Qb5 e4 50. Bg4 Qe8 51. Qb1 Qe5 52. Kh1 h5 53.
Be6 Rg7 54. Ra3 Qg5 55. Qf1 e3 56. fxe3 fxe3 57. Qf8+ Ke5 0-1

[Event "12PCR_F"]
[Site "?"]
[Date "2003.??.??"]
[Round "?"]
[White "Portych, Vaclav"]
[Black "Nejtek, Jiri"]
[Result "0-1"]
[WhiteElo "2148"]
[BlackElo "2291"]
[PlyCount "116"]
[EventDate "2003.??.??"]
[EventType "corr"]
[EventRounds "1"]
[SourceDate "2004.08.30"]

1. c4 e5 2. Nc3 Nf6 3. Nf3 Nc6 4. g3 d5 5. cxd5 Nxd5 6. Bg2 Nb6 7. O-O Be7 8.
d3 O-O 9. a3 Be6 10. b4 a5 11. b5 Nd4 12. Nd2 a4 13. Bxb7 Ra5 14. Rb1 Qe8 15.
Nc4 Nxc4 16. dxc4 Bxc4 17. Be4 Qd8 18. Bd3 Bb3 19. Qd2 c6 20. bxc6 Rc5 21. f4
exf4 22. Rxf4 Bg5 23. Bb2 Bc2 24. Nxa4 Rxc6 25. Rxd4 Bxd2 26. Rxd8 Rxd8 27.
Bxc2 Rxc2 28. Bd4 Rc4 29. Bb6 Re8 30. Nb2 Rc2 31. Kf1 Rb8 32. Na4 f6 33. Rd1
Ra8 34. Nc5 Be3 35. Na4 Bc1 36. Nc5 Bxa3 37. Ra1 Rb2 38. Nd7 Kf7 39. Bc5 Rb3
40. Kg2 Ra5 41. Rxa3 Rbxa3 42. Bxa3 Rxa3 43. Nc5 f5 44. h4 h6 45. Nd3 g5 46.
hxg5 hxg5 47. Kf2 Ke7 48. Nc5 Rc3 49. Nd3 Kf6 50. Ke3 Ke6 51. Kd4 Ra3 52. Ke3
Kd5 53. Kf2 Kd4 54. Ne1 Ke4 55. Ng2 Ra1 56. Ne3 f4 57. gxf4 Kxf4 58. Nf1 g4 0-1

[Event "12PCR_F"]
[Site "?"]
[Date "2003.??.??"]
[Round "?"]
[White "Portych, Vaclav"]
[Black "Nedoma, Petr"]
[Result "1/2-1/2"]
[WhiteElo "2148"]
[BlackElo "2224"]
[PlyCount "111"]
[EventDate "2003.??.??"]
[EventType "corr"]
[EventRounds "1"]
[SourceDate "2004.08.30"]

1. c4 e5 2. Nc3 Nf6 3. Nf3 Nc6 4. g3 d5 5. cxd5 Nxd5 6. Bg2 Nb6 7. O-O Be7 8.
d3 O-O 9. a3 a5 10. Be3 Be6 11. Na4 Nxa4 12. Qxa4 Bf6 13. Qb5 Bc8 14. Rac1 Nd4
15. Nxd4 exd4 16. Bf4 c6 17. Qh5 a4 18. Be4 g6 19. Qc5 Re8 20. Rfe1 Bg7 21. Qb4
Ra6 22. Rc2 Qb6 23. Qd2 Ra5 24. Bh6 Bh8 25. Bg2 Be6 26. e4 Rh5 27. Bf4 Rb5 28.
Bd6 Bb3 29. Rcc1 f6 30. Qf4 g5 31. Qf3 Be6 32. Qh5 Bf7 33. Qg4 Re6 34. e5 Qd8
35. Qd1 fxe5 36. Bb4 Qa8 37. Qg4 h6 38. f4 Qd8 39. fxg5 hxg5 40. Qd1 Qa8 41.
Be4 Bg7 42. Rf1 Bg6 43. b3 Bxe4 44. dxe4 axb3 45. Qxb3 Qe8 46. Rf5 Kh7 47. Qd1
Rf6 48. Qg4 Rxf5 49. Qxf5+ Kg8 50. Qxg5 Qe6 51. Rf1 c5 52. Qd8+ Kh7 53. Rf5 Qh6
54. Qe8 Qe3+ 55. Rf2 Qc1+ 56. Rf1 1/2-1/2

[Event "12PCR_F"]
[Site "?"]
[Date "2003.??.??"]
[Round "?"]
[White "Nosek, Jaroslav"]
[Black "Valak, Alois"]
[Result "0-1"]
[WhiteElo "2260"]
[BlackElo "2257"]
[PlyCount "146"]
[EventDate "2003.??.??"]
[EventType "corr"]
[EventRounds "1"]
[SourceDate "2004.08.30"]

1. e4 e5 2. Nf3 Nc6 3. Bb5 a6 4. Ba4 Nf6 5. O-O Be7 6. Re1 b5 7. Bb3 d6 8. c3
O-O 9. h3 Bb7 10. d4 Re8 11. Nbd2 Bf8 12. a4 h6 13. d5 Nb8 14. axb5 axb5 15.
Rxa8 Bxa8 16. Nh2 Qd7 17. c4 c6 18. cxb5 cxd5 19. exd5 Qxb5 20. Ne4 Nxe4 21.
Rxe4 Qb7 22. Ra4 Nd7 23. Ra3 Rc8 24. Nf1 Qb4 25. Ne3 Qd4 26. Qe1 Nb6 27. Ra5
Qd3 28. Ba2 Qd4 29. b4 Bb7 30. Bd2 Nd7 31. Ra3 Nf6 32. Bc3 Qb6 33. Bc4 g6 34.
Qe2 Ne4 35. Bb2 f5 36. b5 Nf6 37. Bc3 Kh7 38. Ra4 Bg7 39. Ba5 Qc5 40. Bb4 Qd4
41. Bxd6 Ne4 42. Nc2 Qb2 43. Bb4 Qc1+ 44. Kh2 Nxf2 45. Qxf2 Rxc4 46. Ne3 Rf4
47. Qe2 Rd4 48. Ba3 Qc8 49. Ra7 e4 50. Bd6 Qd7 51. Bg3 Rb4 52. b6 Rxb6 53. Qc4
h5 54. d6 h4 55. Bf4 g5 56. Qc7 Qxc7 57. dxc7 Bc8 58. Nd5 Rb5 59. Ra8 Rxd5 60.
Rxc8 gxf4 61. Rh8+ Bxh8 62. c8=Q Re5 63. Qd8 e3 64. Qxh4+ Kg8 65. Qd8+ Kg7 66.
Qg5+ Kf7 67. Qh5+ Kg8 68. Qe2 Bf6 69. Kg1 Kf8 70. Qa6 Kg7 71. Qe2 Re7 72. h4
Bxh4 73. Qh5 e2 0-1

[Event "12PCR_F"]
[Site "?"]
[Date "2003.??.??"]
[Round "?"]
[White "Nedoma, Petr"]
[Black "Lounek, Jan"]
[Result "1-0"]
[WhiteElo "2224"]
[BlackElo "2337"]
[PlyCount "107"]
[EventDate "2003.??.??"]
[EventType "corr"]
[EventRounds "1"]
[SourceDate "2004.08.30"]

1. e4 c5 2. Nf3 d6 3. d4 cxd4 4. Nxd4 Nf6 5. Nc3 a6 6. Be2 e5 7. Nb3 Be7 8. O-O
Be6 9. Qd3 Nc6 10. Bg5 O-O 11. Rad1 Rc8 12. Qd2 b5 13. a3 Bxb3 14. cxb3 Nd4 15.
Bxf6 Bxf6 16. Bg4 Rc6 17. Qd3 Bg5 18. f4 Bh6 19. b4 Qh4 20. h3 Qe7 21. Nd5 Qa7
22. Kh1 Rc4 23. fxe5 dxe5 24. Qg3 f6 25. Bh5 Bg5 26. b3 Rcc8 27. h4 Bf4 28.
Nxf4 exf4 29. Qxf4 Nc6 30. Bg4 Rcd8 31. h5 h6 32. Qc1 Ne5 33. Be6+ Kh7 34. Qc5
Qb8 35. Rd5 Kh8 36. Rfd1 Rde8 37. Qd6 Qb7 38. R5d4 Qa7 39. a4 Qb7 40. a5 Qc6
41. Qxc6 Nxc6 42. Rd6 Nxb4 43. g3 Ra8 44. Kg2 Rfe8 45. Kf3 Rab8 46. Ke2 Ra8 47.
R1d4 Nc2 48. Rd2 Nb4 49. Kd1 Ra7 50. R2d4 Na2 51. b4 Nc3+ 52. Kd2 Nb1+ 53. Ke3
Na3 54. Rd8 1-0